| 000 | 00530nam a22001577a 4500 | ||
|---|---|---|---|
| 003 | OSt | ||
| 005 | 20151130144713.0 | ||
| 008 | 151130b xxu||||| |||| 00| 0 eng d | ||
| 040 | _cRUA | ||
| 082 | _aFIS KE 1996 B163 Or.1 | ||
| 100 |
_94031 _aKE, SAVY. |
||
| 245 | _aWoman activities of fishery sector in pusat province, សកម្មភាពស្ត្រីលើវិស័យជលផល នៅខេត្តពោធិសាត់ | ||
| 260 |
_aPhnom Penh _bRUA _c1996 |
||
| 300 |
_a59p. _bill. _c29cm. |
||
| 942 |
_2ddc _cFIS |
||
| 999 |
_c3751 _d3751 |
||